书目信息 |
| 题名: |
节约用电速查速算手册
|
|
| 作者: | 方大千 编著 | |
| 分册: | ||
| 出版信息: | 北京 中国水利水电出版社 2006.01 |
|
| 页数: | 731页 | |
| 开本: | 20cm | |
| 丛书名: | ||
| 单 册: | ||
| 中图分类: | TM92-62 | |
| 科图分类: | ||
| 主题词: | 电能--dian neng--应用--技术手册 | |
| 电子资源: | ||
| ISBN: | 7-5084-3290-8 | |
| 000 | 00785nam0 2200217 450 | |
| 001 | 012006966739 | |
| 005 | 20060626155115.76 | |
| 010 | @a7-5084-3290-8@dCNY48.00 | |
| 100 | @a20060613d2006 km y0chiy0120 ea | |
| 101 | 0 | @achi |
| 102 | @aCN@b110000 | |
| 105 | @aa z 000yy | |
| 200 | 1 | @a节约用电速查速算手册@Ajie yue yong dian su cha su suan shou ce@f方大千等编著@Ffang da qian deng bian zhu |
| 210 | @a北京@c中国水利水电出版社@d2006.01 | |
| 215 | @a731页@c图@d20cm | |
| 330 | @a本手册介绍输配电、变压器、无功补偿、电动机、风机等的节电计算方法和计算公式,节电项目的经济效益计算,电能平衡及用电设备测量等。 | |
| 606 | 0 | @a电能@Adian neng@x应用@x技术手册 |
| 690 | @aTM92-62@v4 | |
| 701 | 0 | @a方大千@Afang da qian@4编著 |
| 801 | 0 | @aCN@bQSSK@c20060626 |
| 905 | @a10447@dTM92-62@eF195 | |
| 节约用电速查速算手册/方大千等编著.-北京:中国水利水电出版社,2006.01 |
| 731页:图;20cm |
| ISBN 7-5084-3290-8:CNY48.00 |
| 本手册介绍输配电、变压器、无功补偿、电动机、风机等的节电计算方法和计算公式,节电项目的经济效益计算,电能平衡及用电设备测量等。 |
| ● |
| 相关链接 |
|
|
|
正题名:节约用电速查速算手册
索取号:TM92-62/F195
 
预约/预借
| 序号 | 登录号 | 条形码 | 馆藏地/架位号 | 状态 | 备注 |
| 1 | 586650 | 205866507 | 自科库301/301自科库 4排1列2层/ [索取号:TM92-62/F195] | 在馆 | |
| 2 | 586651 | 205866516 | 自科库301/301自科库 4排1列2层/ [索取号:TM92-62/F195] | 在馆 | |
| 3 | 586652 | 205866525 | 自科二线404/404自科库 16排2列3层/ [索取号:TM92-62/F195] | 在馆 |